000 00634nam a2200241Ia 4500
003 OSt
005 20220918180002.0
006 a|||||r|||| 00| 0
007 ta
008 220917b |||||||| |||| 00| 0 eng d
024 _a20,136
037 _cTextual
040 _aARTS
_cARTS
_beng
041 _2eng
_aeng
082 _aO111,3:g, K4
100 _aHardy Barbara
245 0 _aAppropriate from
_b An essay on the Novel
260 _aLondon
_bAthlone Press UK
_c1964
300 _a218p.
_ccm.
650 _aENGLISH LITERATURE
942 _hO111,3:g, K4
_cTEXL
_2CC
999 _c159886
_d159886